[Event "Minsk Bronstein 100 Memorial op"]
[Site "Minsk"]
[Date "2024.02.17"]
[Round "1"]
[White "Stupak, Kirill"]
[Black "Tolkatch, Roman"]
[Result "1-0"]
[WhiteElo "2406"]
[BlackElo "1514"]
[PlyCount "65"]
[EventDate "2024.02.17"]
[EventType "swiss"]
[EventRounds "10"]
[EventCountry "BLR"]
[SourceTitle "CB08_2024"]
[SourceDate "2024.02.21"]
[SourceVersion "1"]
[SourceVersionDate "2024.02.21"]
[SourceQuality "1"]

1. d4 Nf6 2. g3 g6 3. Bg2 Bg7 4. e4 d6 5. Nc3 0-0 6. Nge2 Nbd7 7. h3 e5 8. Be3 a6 9. a4 Qe7 10. 0-0 c6 11. a5 Ne8 12. Qd2 Nc7 13. Rad1 Rd8 14. f4 exf4 15. Bxf4 Nf8 16. Bg5 f6 17. Be3 Be6 18. g4 Rd7 19. d5 cxd5 20. exd5 Bf7 21. Nd4 Re8 22. Bh6 Qd8 23. Bxg7 Kxg7 24. Ne4 Bxd5 25. Nxf6 Bxg2 26. Qxg2 Rde7 27. Qf3 Nfe6 28. Nxe8+ Qxe8 29. Nxe6+ Nxe6 30. Rxd6 Nf8 31. Qc3+ Kg8 32. Qc4+ Rf7 33. Rdf6 1-0

[Event "BLR-ch sf"]
[Site "Minsk"]
[Date "2023.12.14"]
[Round "8"]
[White "Tolkatch, Roman"]
[Black "Yahont, Ignatiy"]
[Result "0-1"]
[WhiteElo "1439"]
[BlackElo "1800"]
[PlyCount "104"]
[EventDate "2023.12.07"]
[EventType "swiss"]
[EventRounds "9"]
[EventCountry "BLR"]
[SourceTitle "CB51_2023"]
[SourceDate "2023.12.20"]
[SourceVersion "1"]
[SourceVersionDate "2023.12.20"]
[SourceQuality "1"]

1. d4 Nf6 2. Bf4 d5 3. e3 c5 4. Nf3 Nc6 5. Nbd2 Qb6 6. dxc5 Qxb2 7. Rb1 Qc3 8. Bb5 e6 9. Be5 Qxc5 10. Bxf6 gxf6 11. e4 a6 12. Bxc6+ Qxc6 13. e5 Bg7 14. Rb3 fxe5 15. Ng5 h6 16. Nh3 Rg8 17. Qb1 b5 18. 0-0 Bd7 19. c3 e4 20. Nf4 Be5 21. Ne2 Qc7 22. f4 Bd6 23. Kh1 Rg4 24. h3 Rg7 25. g4 e3 26. Nf3 Bxf4 27. Nfd4 Be5 28. Rf3 Bxd4 29. cxd4 Rc8 30. Rc3 Qd8 31. Rfxe3 Rxc3 32. Rxc3 h5 33. Qe1 hxg4 34. hxg4 Rxg4 35. Rh3 Qf6 36. a4 Rg8 37. axb5 Qf5 38. Ng1 Rxg1+ 39. Kxg1 Qxh3 40. bxa6 Qg4+ 41. Kh2 Qf4+ 42. Kg1 Qxd4+ 43. Kh2 Qb2+ 44. Kg3 Qa3+ 45. Kh4 Qxa6 46. Kg5 Qd3 47. Qa5 Qf5+ 48. Kh4 Qf6+ 49. Kh5 e5 50. Qa8+ Qd8 51. Qa1 d4 52. Qe1 Qf6 0-1

[Event "BLR-ch sf"]
[Site "Minsk"]
[Date "2023.12.11"]
[Round "5"]
[White "Tsiuryn, Ilya"]
[Black "Tolkatch, Roman"]
[Result "0-1"]
[WhiteElo "1638"]
[BlackElo "1439"]
[PlyCount "102"]
[EventDate "2023.12.07"]
[EventType "swiss"]
[EventRounds "9"]
[EventCountry "BLR"]
[SourceTitle "CB51_2023"]
[SourceDate "2023.12.20"]
[SourceVersion "1"]
[SourceVersionDate "2023.12.20"]
[SourceQuality "1"]

1. b3 d5 2. Bb2 Bf5 3. Nf3 e6 4. g3 Nf6 5. Bg2 h6 6. 0-0 Nbd7 7. d3 Be7 8. Nbd2 0-0 9. c4 c6 10. a3 a5 11. Qc2 Rc8 12. Bc3 c5 13. e4 Bh7 14. Rfe1 d4 15. Bb2 e5 16. Bh3 Ra8 17. Nh4 g6 18. Ng2 Ne8 19. f4 Bd6 20. Nf3 f6 21. Bc1 g5 22. Be6+ Kg7 23. Bd5 Ra7 24. f5 Nc7 25. Bd2 Nxd5 26. cxd5 b5 27. Kf2 Rh8 28. b4 a4 29. Rec1 Rc7 30. Qd1 Qa8 31. h4 g4 32. Nh2 h5 33. Nxg4 hxg4 34. Qxg4+ Kf7 35. Ra2 c4 36. Rac2 c3 37. Bh6 Bf8 38. Bxf8 Qxf8 39. Rh1 Qh6 40. Qf3 Ke7 41. g4 Bg8 42. Rh3 Bf7 43. Rg3 Rg8 44. Qd1 Nb6 45. Qf3 Kd6 46. Rh3 Nxd5 47. exd5 Bxd5 48. Qe2 Rcg7 49. Rg3 Bxg2 50. Kxg2 Qxh4 51. Rxc3 Rxg4 0-1

[Event "BLR-ch sf"]
[Site "Minsk"]
[Date "2023.12.08"]
[Round "2"]
[White "Stsiapanou, Maksim"]
[Black "Tolkatch, Roman"]
[Result "0-1"]
[WhiteElo "1151"]
[BlackElo "1439"]
[PlyCount "96"]
[EventDate "2023.12.07"]
[EventType "swiss"]
[EventRounds "9"]
[EventCountry "BLR"]
[SourceTitle "CB51_2023"]
[SourceDate "2023.12.20"]
[SourceVersion "1"]
[SourceVersionDate "2023.12.20"]
[SourceQuality "1"]

1. e4 c5 2. Nf3 Nc6 3. d4 cxd4 4. Nxd4 Nf6 5. Nc3 e6 6. a3 a6 7. Be3 Be7 8. f3 d5 9. Nxc6 bxc6 10. e5 Nd7 11. f4 c5 12. Bd2 Bb7 13. Qg4 g6 14. Be2 Bh4+ 15. Kf1 Be7 16. h3 d4 17. Nd1 Bh4 18. Bd3 h5 19. Qe2 Bg3 20. Be4 Bxe4 21. Qxe4 h4 22. Be1 Bxe1 23. Qxe1 Qc7 24. Nf2 Rb8 25. Rb1 Nb6 26. Kg1 Nd5 27. Qd2 g5 28. fxg5 Qxe5 29. Ng4 Qg3 30. Nf6+ Nxf6 31. gxf6 Rg8 32. b3 Rg6 33. Rf1 Kd7 34. Qe2 Rbg8 35. Rf2 Qd6 36. Qe4 Qc6 37. Qxc6+ Kxc6 38. Kf1 e5 39. Rg1 Kd6 40. Ke2 Ke6 41. Kd3 Rxf6 42. Rxf6+ Kxf6 43. Kc4 Ke6 44. Kxc5 Rc8+ 45. Kb6 Rxc2 46. Kxa6 d3 47. b4 d2 48. Rd1 e4 0-1

[Event "BLR-ch sf"]
[Site "Minsk"]
[Date "2023.12.07"]
[Round "1"]
[White "Tolkatch, Roman"]
[Black "Kramich, Aliaksei"]
[Result "0-1"]
[WhiteElo "1439"]
[BlackElo "2109"]
[PlyCount "76"]
[EventDate "2023.12.07"]
[EventType "swiss"]
[EventRounds "9"]
[EventCountry "BLR"]
[SourceTitle "CB51_2023"]
[SourceDate "2023.12.20"]
[SourceVersion "1"]
[SourceVersionDate "2023.12.20"]
[SourceQuality "1"]

1. d4 Nf6 2. Bf4 g6 3. Nc3 d5 4. e3 Bg7 5. Nf3 0-0 6. Be2 b6 7. h3 Bb7 8. 0-0 Nbd7 9. Re1 c5 10. Ne5 Ne8 11. Nxd7 Qxd7 12. a4 Nc7 13. Nb5 Ne6 14. c3 Nxf4 15. exf4 Bc6 16. b3 c4 17. bxc4 dxc4 18. Bxc4 a6 19. Na3 Bxa4 20. Qd2 Bc6 21. Re2 e6 22. Rae1 Rfe8 23. Nc2 Bxg2 24. Kxg2 Qc6+ 25. f3 Qxc4 26. Ne3 Qb3 27. Rc1 b5 28. Ng4 a5 29. Ne5 Qd5 30. Rc2 Red8 31. Qe1 a4 32. Ra2 a3 33. Qf2 Rdc8 34. Qe3 Qb3 35. Rec2 b4 36. Qd2 Bxe5 37. fxe5 Rxc3 38. Rxc3 Qxc3 0-1

[Event "Minsk op"]
[Site "Minsk"]
[Date "2023.11.07"]
[Round "5"]
[White "Tolkatch, Roman"]
[Black "Klachkou, Platon"]
[Result "0-1"]
[WhiteElo "1379"]
[BlackElo "2066"]
[PlyCount "92"]
[EventDate "2023.11.03"]
[EventType "swiss"]
[EventRounds "9"]
[EventCountry "BLR"]
[SourceTitle "CB46_2023"]
[SourceDate "2023.11.15"]
[SourceVersion "1"]
[SourceVersionDate "2023.11.15"]
[SourceQuality "1"]

1. d4 Nf6 2. Bf4 c5 3. d5 Qb6 4. Nc3 d6 5. Rb1 g6 6. e4 Nxe4 7. Bb5+ Bd7 8. Bxd7+ Nxd7 9. Qd3 Nxc3 10. Qxc3 Nf6 11. Nf3 Qb4 12. Qxb4 cxb4 13. Rd1 Rc8 14. Rd2 Rc5 15. 0-0 Rxd5 16. Re2 Bg7 17. Rfe1 e6 18. Bd2 a5 19. c4 bxc3 20. Bxc3 0-0 21. Nd2 Rc8 22. a4 Nd7 23. Ne4 Bxc3 24. Nxc3 Re5 25. f4 Rxe2 26. Rxe2 Rc4 27. g3 Nc5 28. Nb5 d5 29. Rd2 Rxa4 30. Nc3 Ra1+ 31. Kg2 a4 32. Nb5 Rc1 33. Kf3 Kf8 34. h4 Nb3 35. Rf2 Rc5 36. Na3 b5 37. h5 b4 38. Nb1 Rc1 39. Nd2 Rc2 40. Nxb3 axb3 41. Rf1 Rxb2 42. Kg4 Rh2 43. hxg6 hxg6 44. Rb1 b2 45. Kf3 Ke7 46. g4 Kd6 0-1